00512nam a22001457a 4500003000500000038001800005082000800023100001900031245012400050264003400174300002500208650003600233700004000269856005700309NUST aNusrat Nadeem a200 aKhan Amanullah aChallenges of Peacebuilding in Afghanistan: Competing Interests of International and Regional Players/cAmanullah Khan aIslamabad;bCIPS NUST;c2020. a246,p;bill;c30,cm. aPhD-Peace and Conflict Studies  aSupervisor: Dr. Ahmed Waqas Waheed  uhttp://10.250.8.41:8080/xmlui/handle/123456789/29742